Rodičovstvo v storočí genetických technológií

Bibliographic Details
Main Author: Lacinová, Ľubica, 1959- (Author)
Format: Article
Language:Slovak
PhysicalDescription:Obr.
Subjects:

MARC

LEADER 00000nab a2200000 ar4500
001 vtls009089099
003 SK-MaSNL
005 20260304010624.0
008 070824c2007 xo sr|n|||||||000 b|slo
015 |a SNBRB2007/08  |2 snkbucl 
040 |a SNKBUCL  |b slo  |c SNKBUCL  |e AACR2 
041 0 |a slo 
044 |a xo  |c SK 
080 |a 575  |2 2001 
080 |a 573.6  |2 2001 
080 |a 577.213  |2 2001 
100 1 |a Lacinová, Ľubica,  |d 1959-  |4 aut  |9 110901 
245 1 0 |a Rodičovstvo v storočí genetických technológií  |c Ľuba Lacinová 
300 |b Obr. 
650 0 7 |a rodičovstvo  |2 snkbucl  |9 1600 
650 0 7 |a identita  |2 snkbucl  |9 1664 
650 0 7 |a reprodukčné technológie  |2 snkbucl  |9 438596 
650 0 7 |a klonovanie  |2 snkbucl  |9 16163 
650 0 7 |a genetika  |2 snkbucl  |9 698 
773 0 |t Mosty  |g Roč. 16, č. 16-17 (2007), s. 16-17 
852 |a SNK  |b KIS3GCP 
999 |c 2561813  |d 2563743